[Event "First Saturday 2009 oktober FM-A"]
[Site "Budapest"]
[Date "2009.10.08"]
[Round "6"]
[White "Letay, Gyula"]
[Black "Knudsen, Jes West"]
[Result "1-0"]
[WhiteElo "2125"]
[BlackElo "1997"]
[PlyCount "99"]
[EventDate "2009.10.03"]

1. g3 e5 2. Bg2 d6 3. e4 Nc6 4. d3 g6 5. Be3 Bg7 6. Qd2 h5 7. h3 Nh6 8. Nc3 Nd4
9. O-O-O c6 10. Nce2 Be6 11. Kb1 f5 12. f4 Qb6 13. c3 Qa6 14. Nc1 Nb5 15. Nf3
Nf7 16. Nh4 Rg8 17. Nxg6 Bf6 18. fxe5 dxe5 19. exf5 Bxf5 20. Rhf1 Nbd6 21. Nh4
Bxh4 22. gxh4 O-O-O 23. Qf2 Rd7 24. Ka1 Be6 25. Rg1 Nd8 26. Bf3 Rf8 27. Qe2
Bxh3 28. Bxh5 e4 29. Bg4 Bxg4 30. Qxg4 exd3 31. Rxd3 Qc4 32. Qd1 N8f7 33. h5 b6
34. Rg4 Qe6 35. Rg6 Qe7 36. Bf4 Nf5 37. Rxd7 Qxd7 38. Qxd7+ Kxd7 39. Rf6 Ne7
40. Nd3 Ke8 41. Ne5 Nxe5 42. Bxe5 Rh8 43. h6 Rh7 44. Re6 Kf7 45. Rd6 b5 46. a4
bxa4 47. Ka2 Ke8 48. Bg7 Nf5 49. Rxc6 Kd7 50. Ra6 1-0

[Event "First Saturday 2009 oktober FM-A"]
[Site "Budapest"]
[Date "2009.10.09"]
[Round "7"]
[White "Knudsen, Jes West"]
[Black "Surinya, Tibor"]
[Result "0-1"]
[WhiteElo "1997"]
[BlackElo "2049"]
[PlyCount "68"]
[EventDate "2009.10.03"]

1. e4 c5 2. Nf3 d6 3. Bb5+ Nd7 4. c3 Ngf6 5. d3 a6 6. Ba4 b5 7. Bc2 Bb7 8. O-O
e6 9. Re1 Be7 10. b4 O-O 11. Bb2 Rc8 12. Nbd2 d5 13. e5 Ne8 14. bxc5 Nxc5 15.
d4 Nd7 16. Nf1 Nb6 17. Qd3 g6 18. Ne3 Nc4 19. Nxc4 dxc4 20. Qd2 Bxf3 21. gxf3
Nc7 22. Be4 Bg5 23. f4 Bh6 24. Ba3 Re8 25. Kh1 Nd5 26. Rg1 a5 27. Rg3 Qh4 28.
Bc1 b4 29. cxb4 axb4 30. Qe2 Nc3 31. Qf3 Nxe4 32. Qxe4 b3 33. axb3 cxb3 34. Bd2
b2 0-1

[Event "First Saturday 2009 oktober FM-A"]
[Site "Budapest"]
[Date "2009.10.09"]
[Round "7"]
[White "Andersen, Daniel"]
[Black "Letay, Gyula"]
[Result "1-0"]
[WhiteElo "1953"]
[BlackElo "2125"]
[PlyCount "50"]
[EventDate "2009.10.03"]

1. c4 Nf6 2. Nc3 e6 3. e4 d5 4. e5 d4 5. exf6 dxc3 6. fxg7 cxd2+ 7. Bxd2 Bxg7
8. Qc2 Nc6 9. Nf3 h6 10. O-O-O Qe7 11. Bc3 e5 12. Bd3 Bd7 13. Rhe1 O-O-O 14.
Kb1 f6 15. Nh4 Qc5 16. Bf5 Nd4 17. Bxd4 exd4 18. Qe4 Qxc4 19. Rxd4 Qf7 20. Red1
Rhe8 21. Qg4 Re7 22. Ng6 Bxf5+ 23. Qxf5+ Red7 24. Ne5 fxe5 25. Qxf7 exd4 {
after 19 move} 1-0

[Event "First Saturday 2009 oktober FM-A"]
[Site "Budapest"]
[Date "2009.10.09"]
[Round "7"]
[White "Arndt, Uwe"]
[Black "Borda, Lajos"]
[Result "1/2-1/2"]
[WhiteElo "2032"]
[BlackElo "2082"]
[PlyCount "45"]
[EventDate "2009.10.03"]

1. d4 b5 2. e4 Bb7 3. Bd3 e6 4. Nf3 a6 5. O-O Be7 6. Re1 d6 7. c4 bxc4 8. Bxc4
Nd7 9. Nc3 Nb6 10. Bd3 Nf6 11. Be3 g6 12. Rc1 O-O 13. h3 Nfd7 14. a4 a5 15. Qb3
c5 16. Nb5 c4 17. Bxc4 Nxc4 18. Qxc4 Bxe4 19. Bh6 Bd5 20. Qc7 Rc8 21. Qa7 Ra8
22. Qc7 Rc8 23. Qa7 1/2-1/2

[Event "First Saturday 2009 oktober FM-A"]
[Site "Budapest"]
[Date "2009.10.09"]
[Round "7"]
[White "Henrichsen, Jens"]
[Black "Yip, Michael"]
[Result "1-0"]
[WhiteElo "1964"]
[BlackElo "2026"]
[PlyCount "59"]
[EventDate "2009.10.03"]

1. d4 d5 2. c4 c6 3. Nf3 Nf6 4. Nc3 e6 5. e3 Nbd7 6. Bd3 dxc4 7. Bxc4 b5 8. Bd3
Bb7 9. O-O a6 10. e4 c5 11. d5 Qc7 12. dxe6 fxe6 13. Ng5 Qc6 14. Qe2 c4 15. Bc2
h6 16. Nf3 e5 17. Rd1 Bd6 18. Nh4 Bc7 19. Nd5 Kf7 20. Nxc7 Qxc7 21. Nf5 Nc5 22.
Nd6+ Ke6 23. Nxc4 bxc4 24. Qxc4+ Ke7 25. Bb3 Rhf8 26. Be3 Nfxe4 27. f3 Rac8 28.
Rac1 Rf6 29. fxe4 Ne6 30. Qb4+ 1-0

[Event "First Saturday 2009 oktober FM-A"]
[Site "Budapest"]
[Date "2009.10.10"]
[Round "8"]
[White "Surinya, Tibor"]
[Black "Mayer, Istvan"]
[Result "1-0"]
[WhiteElo "2049"]
[BlackElo "2186"]
[PlyCount "45"]
[EventDate "2009.10.03"]

1. d4 d5 2. Nf3 g6 3. c4 dxc4 4. Qa4+ Qd7 5. Qxc4 Qc6 6. b3 b5 7. Qxc6+ Nxc6 8.
e3 a6 9. Bb2 Bg7 10. Nbd2 Bb7 11. Rc1 O-O-O 12. Be2 h6 13. O-O g5 14. a4 bxa4
15. bxa4 Nf6 16. Nb3 e5 17. dxe5 Nd7 18. Nfd4 Ncxe5 19. Na5 c5 20. Nf5 Bf6 21.
Nd6+ Kc7 22. Ndxb7 Rb8 23. Bxe5+ 1-0

[Event "First Saturday 2009 oktober FM-A"]
[Site "Budapest"]
[Date "2009.10.10"]
[Round "8"]
[White "Borda, Lajos"]
[Black "Henrichsen, Jens"]
[Result "0-1"]
[WhiteElo "2082"]
[BlackElo "1964"]
[PlyCount "42"]
[EventDate "2009.10.03"]

1. e4 c5 2. c3 d5 3. exd5 Qxd5 4. d4 e6 5. Nf3 Nf6 6. Bd3 Nc6 7. dxc5 Bxc5 8.
O-O O-O 9. b4 Be7 10. Qe2 Rd8 11. Rd1 Qh5 12. Bf4 Nd5 13. Bg3 Bf6 14. Qc2 Ncxb4
15. cxb4 Bxa1 16. Bc7 Rd7 17. Bb5 Nxb4 18. Bxd7 Nxc2 19. Ba4 Bd4 20. Bxc2 Qc5
21. Nxd4 Qxc7 0-1

[Event "First Saturday 2009 oktober FM-A"]
[Site "Budapest"]
[Date "2009.10.10"]
[Round "8"]
[White "Kuntz, Andre"]
[Black "Arndt, Uwe"]
[Result "0-1"]
[WhiteElo "1974"]
[BlackElo "2032"]
[PlyCount "122"]
[EventDate "2009.10.03"]

1. e4 c6 2. d4 d5 3. Nc3 dxe4 4. Nxe4 Bf5 5. Ng3 Bg6 6. Bc4 e6 7. N1e2 Bd6 8.
O-O Ne7 9. Nf4 Qc7 10. Nfh5 O-O 11. Qg4 Nf5 12. Nxf5 Bxh2+ 13. Kh1 exf5 14. Qh4
Bxh5 15. Qxh5 Bf4 16. Qxf5 Bxc1 17. Raxc1 Nd7 18. Rfe1 Nf6 19. Re3 Rfe8 20. Rg3
Qd6 21. Qg5 g6 22. Rf3 Kg7 23. c3 Re7 24. g3 Ne4 25. Qf4 Qxf4 26. Rxf4 g5 27.
Rf5 Kg6 28. Rf3 f5 29. Bd3 h5 30. Bxe4 Rxe4 31. Re3 Rae8 32. Rce1 Rxe3 33. fxe3
Re4 34. Kg2 f4 35. gxf4 gxf4 36. Kf2 Kf5 37. Rh1 fxe3+ 38. Ke2 h4 39. Rg1 Rg4
40. Rh1 Ke4 41. d5 cxd5 42. Rh3 Rg2+ 43. Kf1 Rxb2 44. Rxh4+ Kd3 45. Rd4+ Kxc3
46. Rxd5 Rxa2 47. Rc5+ Kd4 48. Rb5 b6 49. Rb4+ Kc3 50. Rb5 Ra5 51. Rb1 Ra2 52.
Rb5 Kc4 53. Re5 e2+ 54. Ke1 b5 55. Re8 a5 56. Re4+ Kd3 57. Re3+ Kd4 58. Rb3 b4
59. Re3 Ra1+ 60. Kxe2 Re1+ 61. Kxe1 Kxe3 0-1

[Event "First Saturday 2009 oktober FM-A"]
[Site "Budapest"]
[Date "2009.10.10"]
[Round "8"]
[White "Letay, Gyula"]
[Black "Schenkerik, Csaba"]
[Result "0-1"]
[WhiteElo "2125"]
[BlackElo "2120"]
[PlyCount "94"]
[EventDate "2009.10.03"]

1. e4 e5 2. Nf3 Nc6 3. Bc4 Nf6 4. d4 exd4 5. e5 Ng4 6. Qe2 Qe7 7. Bf4 d6 8.
exd6 cxd6 9. h3 Nge5 10. O-O Nxc4 11. Qxc4 Be6 12. Qa4 Qd7 13. Nxd4 Be7 14. Nc3
O-O 15. Ndb5 a6 16. Nxd6 b5 17. Qe4 Bxd6 18. Rfd1 Bf5 19. Qf3 Qc8 20. Bxd6 Re8
21. Rd5 b4 22. Bxb4 Nxb4 23. Rxf5 Nxc2 24. Rd1 Ra7 25. Rfd5 Rae7 26. a3 Qb8 27.
Qg3 Qxg3 28. fxg3 Ne3 29. Kf2 Kf8 30. R1d3 Nxd5 31. Rxd5 Rc8 32. Rd2 h5 33. Kf3
g6 34. g4 h4 35. g3 hxg3 36. Ne4 Rb8 37. b4 Rbe8 38. Nf6 Re3+ 39. Kf4 Re2 40.
Nd7+ Kg7 41. Rxe2 Rxe2 42. Kxg3 Re3+ 43. Kg2 Rxa3 44. g5 Rb3 45. Nc5 Rxb4 46.
Nxa6 Rc4 47. Kg3 Kf8 0-1

[Event "First Saturday 2009 oktober FM-A"]
[Site "Budapest"]
[Date "2009.10.10"]
[Round "8"]
[White "Knudsen, Jes West"]
[Black "Andersen, Daniel"]
[Result "0-1"]
[WhiteElo "1997"]
[BlackElo "1953"]
[PlyCount "74"]
[EventDate "2009.10.03"]

1. e4 e6 2. d3 c5 3. Nd2 g6 4. g3 Bg7 5. Bg2 Nc6 6. f4 d6 7. Nh3 Nge7 8. O-O
O-O 9. a4 Rb8 10. Nf2 a6 11. g4 f5 12. c3 b5 13. Nf3 d5 14. axb5 axb5 15. gxf5
exf5 16. e5 d4 17. Qe2 Be6 18. cxd4 cxd4 19. Bd2 Qb6 20. Ng5 Bd5 21. Bxd5+ Nxd5
22. Qf3 Nce7 23. Ba5 Qb7 24. Ne6 Rfc8 25. Nxd4 Bh6 26. Bd2 Qb6 27. Ne2 Rc2 28.
Ba5 Qb7 29. Nh3 Rxb2 30. d4 b4 31. Ng5 Qb5 32. Nc1 Rc8 33. Qd3 Rcc2 34. Nf3 Qc6
35. Bd8 Nxf4 36. Qa6 Nh3+ 37. Kh1 Qxf3+ 0-1

[Event "First Saturday 2009 oktober FM-A"]
[Site "Budapest"]
[Date "2009.10.11"]
[Round "9"]
[White "Andersen, Daniel"]
[Black "Surinya, Tibor"]
[Result "1/2-1/2"]
[WhiteElo "1953"]
[BlackElo "2049"]
[PlyCount "118"]
[EventDate "2009.10.03"]

1. c4 c5 2. Nf3 g6 3. d4 cxd4 4. Nxd4 Bg7 5. e4 Nf6 6. Nc3 d6 7. Be2 O-O 8. O-O
Nc6 9. Nc2 Bd7 10. Ne3 Rc8 11. Rb1 Ne8 12. Qd2 Nc7 13. b3 Ne6 14. Bb2 Ned4 15.
Bd3 a6 16. f4 f5 17. exf5 Nxf5 18. Nxf5 Bxf5 19. Bxf5 Rxf5 20. Nd5 Bxb2 21.
Rxb2 e6 22. Ne3 Rf8 23. g3 Ne7 24. Rd1 Rc6 25. Qd4 Nf5 26. Nxf5 gxf5 27. Rg2 h5
28. h3 Qe7 29. g4 fxg4 30. hxg4 h4 31. Re1 Qf6 32. Qxf6 Rxf6 33. Rf2 Rg6 34.
Rg2 b5 35. Rc1 Kf7 36. Kh2 Rg8 37. Kh3 Rh8 38. g5 Ke7 39. Re2 Kf7 40. Kg4 Rc5
41. Rd1 bxc4 42. bxc4 h3 43. Rh2 Rxc4 44. Rxd6 e5 45. Rf6+ Kg7 46. Rxh3 Rxh3
47. Kxh3 exf4 48. Rxa6 f3 49. Kg3 Rf4 50. Kf2 Rf5 51. g6 Rf8 52. a4 Rf4 53. a5
Rf5 54. Ra8 Kxg6 55. a6 Kg7 56. a7 Ra5 57. Kxf3 Ra3+ 58. Ke4 Ra4+ 59. Kd5 Ra1
1/2-1/2

[Event "First Saturday 2009 oktober FM-A"]
[Site "Budapest"]
[Date "2009.10.11"]
[Round "9"]
[White "Schenkerik, Csaba"]
[Black "Knudsen, Jes West"]
[Result "1/2-1/2"]
[WhiteElo "2120"]
[BlackElo "1997"]
[PlyCount "85"]
[EventDate "2009.10.03"]

1. e4 c5 2. Nf3 a6 3. c4 Nc6 4. Nc3 d6 5. d4 Bg4 6. d5 Nd4 7. Be2 Nxe2 8. Qxe2
e5 9. O-O Be7 10. Qe3 h6 11. a4 a5 12. Nb5 Bf6 13. h3 Bh5 14. Ra3 Ne7 15. Rb3
g5 16. Nh2 Nc8 17. Rd3 Qd7 18. Re1 Bd8 19. g4 Bg6 20. Kg2 Ne7 21. Qf3 Ng8 22.
Nf1 h5 23. Ng3 h4 24. Nf5 Ra6 25. Rb3 Bxf5 26. Qxf5 Nh6 27. Qxd7+ Kxd7 28. Na3
Ra7 29. Ree3 b6 30. Rf3 Ke8 31. Nc2 f6 32. Ne3 Rd7 33. Bd2 Rf8 34. Rb5 Rff7 35.
Nc2 Ng8 36. Kf1 Ne7 37. Ne3 Ng8 38. Nf5 Rh7 39. Ke2 Rhf7 40. Kd3 Rh7 41. Kc2
Rhf7 42. Rfb3 Ne7 43. Nxe7 1/2-1/2

[Event "First Saturday 2009 oktober FM-A"]
[Site "Budapest"]
[Date "2009.10.11"]
[Round "9"]
[White "Arndt, Uwe"]
[Black "Letay, Gyula"]
[Result "1/2-1/2"]
[WhiteElo "2032"]
[BlackElo "2125"]
[PlyCount "32"]
[EventDate "2009.10.03"]

1. Nf3 d5 2. d4 e6 3. c4 f5 4. g3 Nf6 5. Bg2 c6 6. O-O Bd6 7. b3 Qe7 8. Ne5 O-O
9. Bb2 Bd7 10. Qc1 Be8 11. Ba3 Nbd7 12. Nd3 Bf7 13. Bxd6 Qxd6 14. Qa3 Qxa3 15.
Nxa3 Rfe8 16. f4 a5 1/2-1/2

[Event "First Saturday 2009 oktober FM-A"]
[Site "Budapest"]
[Date "2009.10.11"]
[Round "9"]
[White "Henrichsen, Jens"]
[Black "Kuntz, Andre"]
[Result "1/2-1/2"]
[WhiteElo "1964"]
[BlackElo "1974"]
[PlyCount "46"]
[EventDate "2009.10.03"]

1. d4 d5 2. c4 e6 3. Nc3 c6 4. Nf3 Bd6 5. e3 Nd7 6. Bd3 Nh6 7. e4 dxe4 8. Bxe4
Ng4 9. h3 Ngf6 10. Bc2 e5 11. dxe5 Nxe5 12. Nxe5 Bxe5 13. Qxd8+ Kxd8 14. Bd2
Be6 15. Rd1 Kc7 16. b3 Rad8 17. Ne2 Rhe8 18. Be3 b6 19. Rxd8 Rxd8 20. Nf4 Bc3+
21. Ke2 Bc8 22. Rd1 Re8 23. Kf1 Be5 1/2-1/2

[Event "First Saturday 2009 oktober FM-A"]
[Site "Budapest"]
[Date "2009.10.11"]
[Round "9"]
[White "Mayer, Istvan"]
[Black "Yip, Michael"]
[Result "1-0"]
[WhiteElo "2186"]
[BlackElo "2026"]
[PlyCount "81"]
[EventDate "2009.10.03"]

1. e4 e5 2. Bc4 Nc6 3. Nf3 Bc5 4. O-O Nf6 5. c3 Bb6 6. d4 Qe7 7. Bg5 d6 8. a4
a6 9. a5 Ba7 10. d5 Nb8 11. Qe2 Nbd7 12. Bb3 h6 13. Be3 O-O 14. Nbd2 Bxe3 15.
Qxe3 Nh5 16. g3 Ndf6 17. Nh4 Nh7 18. Ng2 Bh3 19. Bd1 N5f6 20. Ra4 Qd7 21. Rb4
Rab8 22. f4 Rfe8 23. Ba4 c6 24. Qb6 Bxg2 25. Kxg2 exf4 26. Rxf4 Ng5 27. dxc6
Qh3+ 28. Kg1 bxc6 29. Qxc6 Rxb4 30. cxb4 Rc8 31. Qxa6 Rc1+ 32. Rf1 Ng4 33. Qe2
Rxf1+ 34. Nxf1 Ne5 35. Nd2 Qe6 36. Bb3 Qg6 37. Bd5 Nh3+ 38. Kf1 Qg5 39. a6 Ng4
40. a7 Ne3+ 41. Ke1 1-0

[Event "First Saturday 2009 oktober FM-A"]
[Site "Budapest"]
[Date "2009.10.12"]
[Round "10"]
[White "Surinya, Tibor"]
[Black "Yip, Michael"]
[Result "1/2-1/2"]
[WhiteElo "2049"]
[BlackElo "2026"]
[PlyCount "130"]
[EventDate "2009.10.03"]

1. d4 d5 2. c4 c6 3. Nc3 Nf6 4. Nf3 e6 5. Bg5 h6 6. Bh4 dxc4 7. e4 g5 8. Bg3 b5
9. e5 Nd5 10. a3 Nxc3 11. bxc3 Bb7 12. h4 g4 13. Nd2 Rg8 14. Ne4 Nd7 15. Rb1
Rb8 16. Nd6+ Bxd6 17. exd6 a6 18. Be2 f5 19. O-O Kf7 20. Qd2 Qf6 21. Rfe1 Ba8
22. Bf1 Rbd8 23. a4 Nb6 24. axb5 cxb5 25. Ra1 Bb7 26. Reb1 Rc8 27. h5 Nd7 28.
Re1 Rge8 29. Bf4 Ra8 30. g3 Kg7 31. Bg2 Bxg2 32. Kxg2 Kh7 33. Rec1 Qg7 34. Re1
Qf6 35. Qc2 Ra7 36. Re3 Kg7 37. Qe2 Kf7 38. f3 gxf3+ 39. Qxf3 a5 40. Qc6 b4 41.
Qxc4 bxc3 42. Qxc3 a4 43. Qb4 a3 44. Raxa3 Rxa3 45. Qxa3 Qxd4 46. Qb3 Nc5 47.
Qb6 Qd5+ 48. Kh2 Ra8 49. Qc7+ Kg8 50. Re2 Qf3 51. Rd2 Nd3 52. Qc3 Qxh5+ 53. Kg2
Nxf4+ 54. gxf4 Qg4+ 55. Qg3 h5 56. Kf2 Qxg3+ 57. Kxg3 Kf7 58. Kh4 Kf6 59. Rd1
Rd8 60. Rd2 Rd7 61. Rd1 e5 62. fxe5+ Kxe5 63. Kg5 h4 64. Re1+ Kxd6 65. Kxf5 h3
1/2-1/2

[Event "First Saturday 2009 oktober FM-A"]
[Site "Budapest"]
[Date "2009.10.12"]
[Round "10"]
[White "Borda, Lajos"]
[Black "Mayer, Istvan"]
[Result "1/2-1/2"]
[WhiteElo "2082"]
[BlackElo "2186"]
[PlyCount "22"]
[EventDate "2009.10.03"]

1. e4 e6 2. d4 d5 3. exd5 exd5 4. Bd3 Nf6 5. Bg5 Be7 6. Ne2 Ne4 7. Bxe7 Qxe7 8.
O-O O-O 9. c3 c6 10. Nd2 Bf5 11. Nf3 Nd7 1/2-1/2

[Event "First Saturday 2009 oktober FM-A"]
[Site "Budapest"]
[Date "2009.10.12"]
[Round "10"]
[White "Letay, Gyula"]
[Black "Henrichsen, Jens"]
[Result "1-0"]
[WhiteElo "2125"]
[BlackElo "1964"]
[PlyCount "65"]
[EventDate "2009.10.03"]

1. g3 g6 2. Bg2 Bg7 3. Nf3 Nf6 4. O-O O-O 5. d3 d6 6. h3 e5 7. e4 Nc6 8. Bg5 h6
9. Be3 Be6 10. Qd2 Kh7 11. c4 Qd7 12. Kh2 a5 13. Nc3 Ng8 14. Nh4 f5 15. f4 Nd4
16. b3 c6 17. Rf2 exf4 18. gxf4 Qd8 19. Nf3 Nxf3+ 20. Bxf3 g5 21. exf5 gxf4 22.
Bxf4 Bxf5 23. Bg3 Bd4 24. Rff1 Qd7 25. Be4 Bxe4 26. dxe4 Qg7 27. Rxf8 Rxf8 28.
Rc1 Rf3 29. Ne2 Be3 30. Qc3 Bxc1 31. Qxf3 Ba3 32. Qd3 Qg4 33. Nf4 1-0

[Event "First Saturday 2009 oktober FM-A"]
[Site "Budapest"]
[Date "2009.10.12"]
[Round "10"]
[White "Knudsen, Jes West"]
[Black "Arndt, Uwe"]
[Result "1-0"]
[WhiteElo "1997"]
[BlackElo "2032"]
[PlyCount "43"]
[EventDate "2009.10.03"]

1. e4 c6 2. Nf3 d5 3. exd5 cxd5 4. Ne5 a6 5. d4 Nf6 6. Bd3 Nc6 7. Nxc6 bxc6 8.
O-O e6 9. Be3 Qb6 10. Nd2 Qxb2 11. Nb3 Qa3 12. Qf3 Be7 13. Rfe1 O-O 14. Bf4 a5
15. Re3 a4 16. Nc5 Qb2 17. Rd1 Qb6 18. Be5 Qd8 19. Bxf6 Bxf6 20. Bxh7+ Kxh7 21.
Qh5+ Kg8 22. Rh3 1-0

[Event "First Saturday 2009 oktober FM-A"]
[Site "Budapest"]
[Date "2009.10.12"]
[Round "10"]
[White "Andersen, Daniel"]
[Black "Schenkerik, Csaba"]
[Result "0-1"]
[WhiteElo "1953"]
[BlackElo "2120"]
[PlyCount "52"]
[EventDate "2009.10.03"]

1. c4 Nf6 2. Nc3 g6 3. e4 d6 4. d4 Bg7 5. f3 O-O 6. Be3 Nc6 7. Nge2 a6 8. Qd2
Rb8 9. Rc1 Bd7 10. g4 b5 11. g5 Nh5 12. Ng3 e5 13. d5 Nd4 14. Bxd4 exd4 15.
Nce2 d3 16. Qxd3 Bxb2 17. Rc2 bxc4 18. Qe3 Nxg3 19. hxg3 f5 20. gxf6 Qxf6 21.
Nf4 Bd4 22. Qc1 Ba4 23. Rch2 Bc3+ 24. Kf2 Bd4+ 25. Kg2 Rb2+ 26. Be2 Rxe2+ 0-1

[Event "First Saturday 2009 oktober FM-A"]
[Site "Budapest"]
[Date "2009.10.13"]
[Round "11"]
[White "Schenkerik, Csaba"]
[Black "Surinya, Tibor"]
[Result "1/2-1/2"]
[WhiteElo "2120"]
[BlackElo "2049"]
[PlyCount "38"]
[EventDate "2009.10.03"]

1. e4 c5 2. Nf3 d6 3. d4 cxd4 4. Nxd4 Nf6 5. Nc3 a6 6. Bc4 e6 7. Bb3 Be7 8. g4
h6 9. Be3 b5 10. f3 Bd7 11. Qe2 Nc6 12. O-O-O Rc8 13. h4 b4 14. Nb1 Nxd4 15.
Bxd4 Bb5 16. Qf2 Qc7 17. g5 hxg5 18. hxg5 Nh5 19. f4 e5 1/2-1/2

[Event "First Saturday 2009 oktober FM-A"]
[Site "Budapest"]
[Date "2009.10.13"]
[Round "11"]
[White "Arndt, Uwe"]
[Black "Andersen, Daniel"]
[Result "1-0"]
[WhiteElo "2032"]
[BlackElo "1953"]
[PlyCount "61"]
[EventDate "2009.10.03"]

1. d4 Nf6 2. c4 g6 3. Nc3 d5 4. cxd5 Nxd5 5. e4 Nxc3 6. bxc3 Bg7 7. Nf3 O-O 8.
Be2 c5 9. O-O Nc6 10. Be3 cxd4 11. cxd4 b6 12. d5 Na5 13. Bd4 Bxd4 14. Nxd4 e6
15. Nb3 Nb7 16. Qd4 exd5 17. exd5 Nd6 18. Rfd1 Bb7 19. Bf3 Rc8 20. Rac1 Qd7 21.
Bg4 f5 22. Bf3 Rxc1 23. Nxc1 Rd8 24. Ne2 Nb5 25. Qe5 Qd6 26. Qb2 Nc7 27. Nc3
Qc5 28. Qb3 Rd6 29. h4 h6 30. Ne2 Kh7 31. Rc1 1-0

[Event "First Saturday 2009 oktober FM-A"]
[Site "Budapest"]
[Date "2009.10.13"]
[Round "11"]
[White "Mayer, Istvan"]
[Black "Kuntz, Andre"]
[Result "0-1"]
[WhiteElo "2186"]
[BlackElo "1974"]
[PlyCount "108"]
[EventDate "2009.10.03"]

{time} 1. e4 c5 2. Nf3 Nc6 3. Nc3 e5 4. Bc4 d6 5. d3 Be7 6. Nd5 Bg4 7. c3 Nf6
8. h3 Bh5 9. g4 Bg6 10. Nxf6+ Bxf6 11. h4 h5 12. g5 Be7 13. Be3 Qd7 14. Bd5 Rc8
15. Qe2 a6 16. Nd2 b5 17. f3 Bd8 18. f4 exf4 19. Bxf4 Ne7 20. Bb3 O-O 21. Qf3
Re8 22. O-O-O a5 23. a4 bxa4 24. Ba2 Nc6 25. Nc4 Ne5 26. Bxe5 dxe5 27. Rh2 Rb8
28. Rf2 Bc7 29. Qe3 Qc6 30. Rdf1 Re7 31. Na3 Rd8 32. Bc4 Rb8 33. Bd5 Qd7 34.
Rf3 Bd6 35. Qf2 Qc7 36. Nc4 Rf8 37. Qc2 Qd7 38. Ne3 Qb5 39. Kd2 Rb8 40. Nc4 Bc7
41. Ra1 Qd7 42. Ne3 Bb6 43. Bc4 Bxe4 44. Rg3 Bg6 45. Qxa4 Qd6 46. Nd5 Rd7 47.
Re3 Rdb7 48. Qd1 Bd8 49. b3 e4 50. Qh1 exd3 51. Rxd3 Bxd3 52. Kxd3 Qg3+ 53. Kc2
Qf2+ 54. Kd3 Qf5+ 0-1

[Event "First Saturday 2009 oktober FM-A"]
[Site "Budapest"]
[Date "2009.10.13"]
[Round "11"]
[White "Yip, Michael"]
[Black "Borda, Lajos"]
[Result "1/2-1/2"]
[WhiteElo "2026"]
[BlackElo "2082"]
[PlyCount "53"]
[EventDate "2009.10.03"]

1. d4 d6 2. Nf3 Nd7 3. c4 e5 4. Nc3 Ngf6 5. e4 Be7 6. Be2 O-O 7. O-O c6 8. Re1
Qc7 9. Bf1 Rd8 10. h3 Nf8 11. Be3 Ne6 12. g3 c5 13. dxe5 dxe5 14. Nd5 Nxd5 15.
cxd5 Nd4 16. Rc1 Qd6 17. Nd2 Qf6 18. Bg2 Bd7 19. b3 Rac8 20. Nc4 b5 21. Nd2 Qa6
22. a4 c4 23. axb5 Bxb5 24. bxc4 Bxc4 25. Nxc4 Rxc4 26. Rxc4 Qxc4 27. Bf1
1/2-1/2